000 00812cab a2200241 4500
001 ABS59256
008 090401t1998 xxu||||| |||| 00| 0 eng d
035 _a(Sirsi) u88763
041 _aeng
100 _aHamilton, S.
245 _aBuilding control - a better service
260 _c1998
350 _a0
490 _aHouse Builder
_v57(8) September 1998, 17-18(2)
520 _aLooks at the emerging trends and developments in building control and looking in particular at the NHBC`s building controls. The NHBC`s powers have been extended to include mixed use developments and high rise buildings.
650 _aBUILDING CONTROL
_96222
650 _aBUILDMARK
650 _aHOUSE BUILDING
650 _aNHBC
690 _aBUILDING AND CONSTRUCTION-CONTROL
942 _n0
948 _c30/09/1998
999 _c56116
_d56116